00642nam a22002057a 450000500170000001000400001702000260005703500130008303500130009603500170010903700250012603700130015108200110016410000160017524500860019126000350027727000590031230000250037150000400039620180224102243.0 aBAC-EN21 ENG-111642 B-663941 a9780143064930c250.00 aEN-95174 aB-663941 aB-583390-412 adplbPansy Books/Ven aDBAD/PUB a613.25 aKhosla,Ishi aThe diet doctor :bthe scientifically proven way to lose weight /cby Ishi Khosla aNew DelhibPenguin Booksc2013 a11 Community Centre,Panchsheel ParkbNew Delhie110017 axi,215p. c21cm(pbk) aIncludes bibliographical references